000 00484nam a2200193 a 4500
001 1766310659979
003 YourLibrary
005 20251222104446.0
008 251221s1996##################000#0#eng##
020 _a9780195095272
082 0 4 _a264.0201
_bKEL
100 1 _aKelly, Thomas Forrest,
_eauthor.
245 1 0 _aThe Exultet in Southern Italy :
260 _c1996.
300 _a385 pages
650 0 _aArt.
942 _cENGLISH
040 _aYourLibrary
_beng
_cYourLibrary
999 _c603502
_d603502